00836naa a22002537i 4500999001500000001000500015003000400020005001700024007000300041008004100044024001400085040000800099041000800107245020400115260001700319300000900336651001200345651001400357710007300371710000900444710001000453773011300463942000600576 c4400d44004482OSt20180615134431.0tu161220s1999 xxu||||| |||| 00| 0 eng d7 a44812RID cOSt aeng00aIntensification of East-West Relations in the Process of EU Enlargement: Relations between Austria and Hungaryb(= Background Paper No. 2)cwritten by Austria research institutes (wiiw, WIFO, ICMPD) aWien,c1999. c30cm aHungary aMonarchie2 aWiener Institut für Internationale Wirtschaftsvergleiche (wiiw)932 aWIFO2 aICMPD0 gS. 95-165.tHungarys Accession to the EU:The Impact on Selected Areas of Hungarian-Austrian Relations w4480 cP